Guess the lyrics (#115) - Statistics

General Stats
  • This quiz has been taken 25 times
  • The average score is 131 of 295
Answer Stats
answer % Correct
a
100%
I
100%
you
95%
you,
95%
you?
95%
the
90%
The
90%
my
85%
it
80%
it,
80%
and
75%
And
75%
No
75%
no
75%
of
75%
on
75%
be
70%
in
70%
so,
70%
We
70%
we
70%
can
65%
to
65%
your
65%
Your
65%
at
60%
is
60%
all
55%
but
55%
from
55%
if
55%
If
55%
one
55%
that
55%
they
55%
as
50%
can't
50%
don't
50%
up
50%
us
50%
'cause
45%
Did
45%
God,
45%
God
45%
it's
45%
just
45%
know
45%
see
45%
thing
45%
this
45%
You're
45%
you're
45%
make
40%
should
40%
take
40%
them
40%
there,
40%
down
35%
feel
35%
their
35%
too?
35%
always
30%
get
30%
look
30%
never
30%
ain't
25%
believe
25%
Hell
25%
Well,
25%
well
25%
about
20%
Dear
20%
dear
20%
Father,
20%
Ghost
20%
Heaven
20%
Holy
20%
hope
20%
need
20%
pray
20%
Son,
20%
won't
20%
big
15%
bring,
15%
here
15%
made
15%
mean
15%
name
15%
own
15%
tears
15%
you'll
15%
better
10%
crazy
10%
eat
10%
heard
10%
image
10%
meet
10%
people
10%
same
10%
sorry
10%
those
10%
world
10%
after
5%
amount
5%
blue?
5%
book
5%
devil
5%
disturb
5%
enough
5%
feet
5%
fighting
5%
humans
5%
letter,
5%
opinions
5%
reduction
5%
sea
5%
street
5%
there's
5%
true
5%
upon
5%
babes
0%
beer
0%
believing
0%
clear
0%
compound
0%
crown
0%
diamond
0%
disease
0%
drown
0%
found
0%
gates,
0%
heart's
0%
helps
0%
hoax
0%
hurt
0%
junk
0%
letting
0%
lost
0%
lot
0%
loud
0%
mankind
0%
noticed,
0%
pearly
0%
perceive
0%
price
0%
quotes
0%
'round
0%
saints,
0%
sinners,
0%
sleeve
0%
somebody's
0%
starving
0%
Still
0%
thorny
0%
unholy
0%
wars
0%
whole
0%
wrote
0%
No matching quizzes found
Score Distribution
Percent of People with Each Score
Percentile by Number Answered
Your Score History
You have not taken this quiz